| 000 | 00582nam a2200157 a 4500 | ||
|---|---|---|---|
| 001 | 000016737 | ||
| 005 | 20200929164944.0 | ||
| 008 | 100310s1973 dr 000 0 spa d | ||
| 040 |
_aDO-SdBNP _bspa _cBNPHU |
||
| 082 |
_axxx _bR426m |
||
| 110 | 1 |
_aRepública Dominicana _bSecretaría de Estado de Finanzas _bSuperintendencia de Seguros _937111 |
|
| 245 | 1 | 0 | _aManual de estudio y guía de examen para obtener las licencias de intermediarios en operaciones de seguros. |
| 260 |
_aSanto Domingo : _bSecretaría de Estado de Finanzas, _c1973. |
||
| 300 |
_a168 ; _c29 cm. |
||
| 049 | _aBNPD | ||
| 999 |
_c16269 _d16269 |
||